Come and Dine (Record no. 7889)

MARC details
000 -LEADER
fixed length control field 00707nam a2200253 a 4500
020 ## - INTERNATIONAL STANDARD BOOK NUMBER
ISBN 0888737
082 00 - DEWEY DECIMAL CLASSIFICATION NUMBER
Classification number 220.07
Author Cutter HAR
100 ## - MAIN ENTRY--AUTHOR NAME
Author name Harlow, R E
245 ## - TITLE STATEMENT
Title Come and Dine
Sub title Old Testament Readings for Every Day.
260 ## - PUBLICATION, DISTRIBUTION, ETC. (IMPRINT)
Place of publication Canada
Name of publisher Every Day Publications
Year of publication 1977
300 ## - PHYSICAL DESCRIPTION
Number of Pages 253p
500 ## - GENERAL NOTE
General note includes index and biblioraphy
505 2# - FORMATTED CONTENTS NOTE
Formatted contents note Bibliograpphy, Index
505 2# - FORMATTED CONTENTS NOTE
Formatted contents note Bibliograpphy, Index00
650 ## - SUBJECT ADDED ENTRY--TOPICAL TERM
Topical Term Bible-Study and Teaching
942 ## - ADDED ENTRY ELEMENTS (KOHA)
Koha item type Books
700 1# -
-- Harlow, R E

No items available.

                   Copyright © 2026 | Henry Martyn Institute | Hyderabad | TS-500052 | INDIA | Implemented by hmi.edu.in
Hit-Count:

Powered by Koha